Asian Countries By Average Male Height - Statistics

General Stats
  • This quiz has been taken 57 times
  • The average score is 34 of 48
Answer Stats
cm # Country % Correct
179.0 L Lebanon
98%
176.8 R Russia
90%
175.8 I Iran
88%
176.3 T Turkey
88%
175.6 C China
85%
176.0 G Georgia
85%
175.9 I Israel
85%
173.5 Q Qatar
85%
175.4 S South Korea
85%
174.8 J Jordan
83%
175.2 K Kuwait
83%
175.6 K Kazakhstan
80%
174.1 U United Arab Emirates
80%
173.8 I Iraq
78%
174.4 T Turkmenistan
78%
173.7 A Armenia
75%
172.0 J Japan
75%
174.0 A Azerbaijan
73%
175.1 N North Korea
73%
171.8 O Oman
73%
160.1 E East Timor
70%
171.7 K Kyrgyzstan
70%
173.1 S Singapore
70%
170.9 U Uzbekistan
70%
164.4 Y Yemen
70%
172.8 B Bahrain
68%
170.6 M Mongolia
68%
164.3 N Nepal
65%
168.5 V Vietnam
65%
166.9 B Bhutan
63%
165.5 C Cambodia
63%
162.6 L Laos
63%
166.7 M Myanmar
63%
168.4 T Tajikistan
63%
168.9 A Afghanistan
60%
167.3 P Pakistan
60%
165.2 P Philippines
60%
171.6 T Thailand
60%
165.0 B Bangladesh
58%
166.5 I India
58%
166.2 I Indonesia
58%
169.6 M Malaysia
58%
171.6 S Syria
58%
166.3 B Brunei
55%
172.7 C Cyprus
55%
168.0 S Sri Lanka
53%
173.5 T Taiwan
53%
167.8 M Maldives
50%
No matching quizzes found
Score Distribution
Percent of People with Each Score
Percentile by Number Answered
Your Score History
You have not taken this quiz